विश्व के प्राचीन महान भौतिकीविद् / (Record no. 203341)
[ view plain ]
| 000 -LEADER | |
|---|---|
| fixed length control field | 01011nam a22002057a 4500 |
| 005 - DATE AND TIME OF LATEST TRANSACTION | |
| control field | 20240528154531.0 |
| 010 ## - LCCN (DPL NO) | |
| LC control number | HIN-127740 |
| 020 ## - INTERNATIONAL STANDARD BOOK NUMBER | |
| Terms of availability | 450.00 |
| International Standard Book Number | 9788190892100 |
| 035 ## - SYSTEM CONTROL NUMBER | |
| System control number | HN-100086 |
| 037 ## - SOURCE OF ACQUISITION | |
| Source of stock number/acquisition | DBAD/PUB |
| 082 ## - DEWEY DECIMAL CLASSIFICATION NUMBER | |
| Classification number | 920 |
| 100 ## - MAIN ENTRY--PERSONAL NAME | |
| Personal name | राय, डॉ. देवेन्द्र कुमार |
| 245 ## - TITLE STATEMENT | |
| Title | विश्व के प्राचीन महान भौतिकीविद् / |
| Statement of responsibility, etc | डॉ. देवेन्द्र कुमार राय |
| Remainder of title | उन्नीसवीं सदी से पूर्ववर्ती |
| Medium | हिन्दी |
| 250 ## - EDITION STATEMENT | |
| Edition statement | 1 |
| 260 ## - PUBLICATION, DISTRIBUTION, ETC. (IMPRINT) | |
| Place of publication, distribution, etc | दिल्ली |
| Name of publisher, distributor, etc | प्रभास प्रकाशन |
| Date of publication, distribution, etc | 2021 |
| 270 ## - ADDRESS | |
| Address | 27/100, गली नंबर 7, विश्वास नगर, शाहदरा |
| City | दिल्ली |
| Postal code | 110032 |
| 300 ## - PHYSICAL DESCRIPTION | |
| Extent | 142p.; |
| Dimensions | 22 सेमी (सजिल्द) |
| 700 ## - ADDED ENTRY--PERSONAL NAME | |
| Personal name | डॉ. श्रवण कुमार तिवारी |
| 9 (RLIN) | 67014 |
| 942 ## - ADDED ENTRY ELEMENTS (KOHA) | |
| Source of classification or shelving scheme | Dewey Decimal Classification |
| Item type | Hindi Books |
| Classification part | 920 |
| Call number suffix | राय |
| Withdrawn status | Lost status | Not for loan | Collection code | Home library | Current library | Date acquired | Source of acquisition | Cost, normal purchase price | Full call number | Barcode | Copy number | Cost, replacement price | Koha item type |
|---|---|---|---|---|---|---|---|---|---|---|---|---|---|
| Non-fiction | Ashok Vihar | Ashok Vihar | 28/05/2024 | DBAD | 450.00 | 920 राय | HN-100086 | 1 | 450.00 | Hindi Books |
